[Event "Catalunya-chT"]
[Site "Spain"]
[Date "1993.??.??"]
[Round "7"]
[White "Baigorri Navarro, Francisco Javier"]
[Black "Ordeix Santanach, J."]
[Result "1/2-1/2"]
[WhiteElo "2200"]
[BlackElo "2100"]
[PlyCount "74"]
[EventDate "1993.??.??"]
[EventType "team"]
[EventRounds "9"]
[EventCountry "ESP"]
[SourceTitle "EXT 2019"]
[Source "ChessBase"]
[SourceDate "2018.10.10"]
[SourceVersion "1"]
[SourceVersionDate "2018.10.10"]
[SourceQuality "1"]

1. d4 Nf6 2. c4 e5 3. dxe5 Ng4 4. Bf4 Nc6 5. Nf3 Bb4+ 6. Nbd2 Qe7 7. e3 Ngxe5 8. Nxe5 Nxe5 9. Be2 0-0 10. 0-0 Bxd2 11. Qxd2 d6 12. b4 Ng6 13. Bg3 Bf5 14. Bf3 Be4 15. Bxe4 Qxe4 16. c5 dxc5 17. bxc5 Rfd8 18. Qb2 Qc6 19. Rfc1 Nf8 20. Rab1 Rab8 21. Bh4 Rd5 22. Qb5 Qxb5 23. Rxb5 Ne6 24. Ra5 a6 25. h3 g5 26. e4 Re5 27. Bg3 Rxe4 28. c6 bxc6 29. Rxc6 Rb6 30. Rxb6 cxb6 31. Rxa6 Re1+ 32. Kh2 Rb1 33. Be5 f5 34. Ra7 Rb5 35. Bf6 Rc5 36. Re7 Rc6 37. a4 h6 1/2-1/2